00925cam a2200241 a 450000100100000000500170001000800410002702000160006804000250008408200180010910000480012724500580017526000430023330000200027649000260029665000290032265000420035183000330039304900090042695201160043595201170055199900150066800001004320200929161820.0900417s1989 sp a 000 0 spa  z84860720197 aDO-SdBNPbspacBNPHU a861.64bV393c1 aVázquez Baltar, María Ángeles.92500910aCarta a alguien /cMaría Ágeles Vázquez Baltar. aMadrid :bEdiciones Torremozas,c1989. a55 p. ;c21 cm.1 aTorremozasaPrímula 4aPoesía española9631 4aLiteratura españolaySIGLO XX93326 0aTorremozaspprímula925010 aBNGR 001050718MOaGRbGRcHDd2009-10-02iLF1l0o861.64 V393cp10043-10r2020-06-25w2020-06-25y1ZNo se presta 0010507-18MOaGRbGRcOId2017-05-26iLF1l0o861.64 V393cp10043-20r2020-06-25w2020-06-25y1ZNo se presta c9802d9802